000 00524nam a2200181 i 4500
001 141722
003 ES-MaACL
005 20250804062747.0
007 t|
008 070927s1921 cr |||| | spa d
100 1 _aVincenzi, Moisés.
_9115315
245 1 0 _aDiálogos filosóficos /
_cMoisés Vincenzi.
260 _aCosta Rica :
_bPopol Vuh. Centro Intelectual,
_c[1921] (
_fTip. Trejos)
300 _a142 p. ;
_c20 cm.
650 1 7 _aFilosofía
_2embne
_912802
852 _aES-MaACL
_jF-5071
999 _c141722
_d141722